Grupy turnieju koszykarskiego mężczyzn IO w Paryżu - Statystyki

Ogólne statystyki
  • Ten quiz został rozwiązany 16 razy
  • Średni wynik to 9 z 12
Statystyki odpowiedzi
% Poprawnych
Francja
100%
Hiszpania
100%
Stany Zjednoczone
100%
Japonia
93%
Brazylia
86%
Kanada
86%
Niemcy
86%
Serbia
86%
Grecja
71%
Australia
64%
Sudan Południowy
50%
Portoryko
21%
Nie znaleziono quizów pasujących do podanych kryteriów
Rozkład punktacji
Procent ludzi z każdym wynikiem
Percentyl według liczby udzielonych odpowiedzi
Twoja historia wyników
Nie rozwiązałeś tego quizu